[Event "Skalica op"]
[Site "Skalica"]
[Date "2019.08.31"]
[Round "9"]
[White "Lanka, Zigurds"]
[Black "Aleksandrovskiy, Dmitriy"]
[Result "1/2-1/2"]
[WhiteElo "2395"]
[BlackElo "2284"]
[PlyCount "149"]
[EventDate "2019.08.25"]
[EventType "swiss"]
[EventRounds "9"]
[EventCountry "SVK"]
[SourceTitle "EXT 2020"]
[Source "ChessBase"]
[SourceDate "2019.10.17"]
[SourceVersion "1"]
[SourceVersionDate "2019.10.17"]
[SourceQuality "1"]

1. e4 c5 2. Nf3 Nc6 3. d4 cxd4 4. Nxd4 e6 5. Nc3 Nf6 6. Ndb5 Bb4 7. a3 Bxc3+ 8. Nxc3 d5 9. exd5 exd5 10. Bd3 d4 11. Qe2+ Be6 12. Ne4 Nxe4 13. Qxe4 Qd5 14. Bf4 0-0-0 15. 0-0 Qxe4 16. Bxe4 Bd5 17. Bd3 Rde8 18. f3 f6 19. Rfd1 g6 20. Bg3 Re7 21. Bh4 Rf8 22. Rd2 Ne5 23. Bf2 Nxd3 24. Rxd3 Bc6 25. Rd2 Rd7 26. Bxd4 g5 27. c3 h5 28. Re2 Kc7 29. Rae1 b6 30. Re6 g4 31. fxg4 hxg4 32. Rf1 f5 33. Rf4 Rff7 34. Kf2 Be4 35. h4 gxh3 36. gxh3 Rh7 37. h4 Bc2 38. Re3 Bd1 39. Re8 Bg4 40. Kg3 Kc6 41. Rf2 Rh6 42. Rh2 Bd1 43. Rg8 Rf7 44. Kf4 Re6 45. Kg5 Re4 46. Rg6+ Kd5 47. Rf6 Rg7+ 48. Kh6 Rgg4 49. h5 Re6 50. Rg6 Bf3 51. Rd2 Rexg6+ 52. hxg6 Ke6 53. Rh2 Be4 54. Rh5 Ke7 55. Kh7 Bb1 56. Rh1 Be4 57. Rg1 Rxg1 58. Bxg1 f4 59. Kh6 f3 60. Kg5 Bd3 61. a4 Bc2 62. a5 bxa5 63. Bxa7 Bd3 64. Bd4 a4 65. Kh6 Ke6 66. Kg5 Ke7 67. Bf2 Ke6 68. Bc5 Bc2 69. Bd4 Bd3 70. Kh5 Ke7 71. Kg5 Ke6 72. Be3 Ke7 73. Bc5+ Ke6 74. Bd4 Ke7 75. Bc5+ 1/2-1/2

[Event "Skalica op"]
[Site "Skalica"]
[Date "2019.08.30"]
[Round "8"]
[White "Aleksandrovskiy, Dmitriy"]
[Black "Skalsky, Alexandr"]
[Result "1-0"]
[WhiteElo "2284"]
[BlackElo "2128"]
[PlyCount "89"]
[EventDate "2019.08.25"]
[EventType "swiss"]
[EventRounds "9"]
[EventCountry "SVK"]
[SourceTitle "EXT 2020"]
[Source "ChessBase"]
[SourceDate "2019.10.17"]
[SourceVersion "1"]
[SourceVersionDate "2019.10.17"]
[SourceQuality "1"]

1. d4 Nf6 2. c4 g6 3. Nc3 d5 4. Nf3 Bg7 5. h4 dxc4 6. e4 c5 7. d5 b5 8. h5 0-0 9. hxg6 fxg6 10. e5 Ng4 11. d6 e6 12. Rxh7 Rf5 13. Rxg7+ Kxg7 14. Nxb5 Qa5+ 15. Nc3 Nxe5 16. Ng5 Nbc6 17. f4 Nd3+ 18. Bxd3 cxd3 19. Qxd3 Bd7 20. g4 Rd5 21. Qe4 Rxd6 22. Bd2 Qb4 23. 0-0-0 Qxe4 24. Ncxe4 Rd5 25. Bc3+ Nd4 26. Nxc5 e5 27. Nxd7 Rxd7 28. Re1 Kg8 29. Rxe5 Rf8 30. a4 Nb3+ 31. Kc2 Nd4+ 32. Kb1 Nc6 33. Re6 Ne7 34. Bb4 Rxf4 35. Bxe7 Rxe7 36. Rxe7 Rxg4 37. Ne6 Rxa4 38. Rg7+ Kh8 39. Rxg6 Kh7 40. Rg2 a5 41. Rg3 Rc4 42. Rc3 Rb4 43. Ra3 Rb5 44. Nd4 Rg5 45. Nb3 1-0

[Event "Baltija Cup 16th"]
[Site "Palanga"]
[Date "2019.06.18"]
[Round "3"]
[White "Aleksandrovskiy, Dmitriy"]
[Black "Butvilas, Aistis"]
[Result "1-0"]
[WhiteElo "2289"]
[BlackElo "2061"]
[PlyCount "69"]
[EventDate "2019.06.17"]
[EventType "swiss"]
[EventRounds "7"]
[EventCountry "LTU"]
[SourceTitle "CBM 191 Extra"]
[Source "ChessBase"]
[SourceDate "2019.09.30"]
[SourceVersion "1"]
[SourceVersionDate "2019.09.30"]
[SourceQuality "1"]

1. g3 Nf6 2. Bg2 d5 3. Nf3 e6 4. 0-0 Be7 5. d3 b6 6. c4 0-0 7. Nc3 Bb7 8. cxd5 exd5 9. Nd4 Qd7 10. e4 c5 11. Nf5 d4 12. Ne2 Nc6 13. Bg5 Ne8 14. Bh3 Qc7 15. Nxe7+ Nxe7 16. b4 Ng6 17. Rc1 h6 18. Bd2 Qe7 19. bxc5 bxc5 20. Qc2 Ba6 21. Qxc5 Qxc5 22. Rxc5 Bxd3 23. Re1 Bxe4 24. Nxd4 Nf6 25. Nb5 Bf3 26. Bf5 Rfd8 27. Ba5 Rd5 28. Rxd5 Bxd5 29. a3 Bc6 30. Nd6 Rb8 31. Nc8 Rb5 32. Bxg6 Rxa5 33. Ne7+ Kf8 34. Nxc6 Rc5 35. Nd8 1-0

[Event "Moscow op-F 15th"]
[Site "Moscow"]
[Date "2019.01.31"]
[Round "7"]
[White "Aleksandrovskiy, Dmitriy"]
[Black "Grachev, Andrey"]
[Result "1-0"]
[WhiteElo "2299"]
[BlackElo "2181"]
[PlyCount "61"]
[EventDate "2019.01.25"]
[EventType "swiss"]
[EventRounds "9"]
[EventCountry "RUS"]
[SourceTitle "CBM 188 Extra"]
[Source "ChessBase"]
[SourceDate "2019.02.26"]
[SourceVersion "1"]
[SourceVersionDate "2019.02.26"]
[SourceQuality "1"]

1. g3 d6 2. Bg2 e5 3. c4 g6 4. Nc3 Bg7 5. e3 f5 6. d3 Nf6 7. Nge2 0-0 8. 0-0 c6 9. b4 Be6 10. b5 Qc8 11. Ba3 Rd8 12. bxc6 bxc6 13. Qa4 Bf7 14. Rab1 Be8 15. Qa5 Bf8 16. e4 fxe4 17. Nxe4 Nxe4 18. Bxe4 Nd7 19. f4 exf4 20. Nxf4 Nc5 21. Bg2 Bg7 22. Kh1 g5 23. d4 Bxd4 24. Qd2 Bg7 25. Nd5 cxd5 26. Bxd5+ Ne6 27. Rb7 Qxb7 28. Bxb7 d5 29. Bxa8 dxc4 30. Qe3 Nc7 31. Qe7 1-0

[Event "Moscow op-F 14th"]
[Site "Moscow"]
[Date "2018.02.02"]
[Round "8"]
[White "Aleksandrovskiy, Dmitriy"]
[Black "Chernyavsky, Alexander"]
[Result "1-0"]
[WhiteElo "2239"]
[BlackElo "2326"]
[PlyCount "57"]
[EventDate "2018.01.26"]
[EventType "swiss"]
[EventRounds "9"]
[EventCountry "RUS"]
[SourceTitle "CBM 182 Extra"]
[Source "ChessBase"]
[SourceDate "2018.02.23"]
[SourceVersion "1"]
[SourceVersionDate "2018.02.23"]
[SourceQuality "1"]

1. Nf3 Nf6 2. g3 d5 3. Bg2 c6 4. d4 Bf5 5. Nh4 Bc8 6. Nf3 Nbd7 7. 0-0 e6 8. Nfd2 Bd6 9. c4 e5 10. cxd5 Nxd5 11. Nc4 Bc7 12. Nc3 N5b6 13. Nxb6 Nxb6 14. d5 Qf6 15. dxc6 bxc6 16. b3 h5 17. Ba3 Qg6 18. Rc1 Bd7 19. Nb5 0-0-0 20. Nxa7+ Kb7 21. Nxc6 Bxc6 22. Rxc6 Qxc6 23. Bxc6+ Kxc6 24. Qc2+ Kb7 25. Rc1 Rd7 26. Qc6+ Kc8 27. Qxb6 Rd1+ 28. Kg2 Rxc1 29. Qa6+ 1-0

[Event "Moscow op-F 14th"]
[Site "Moscow"]
[Date "2018.01.31"]
[Round "6"]
[White "Thing, Bibek"]
[Black "Aleksandrovskiy, Dmitriy"]
[Result "1-0"]
[WhiteElo "2252"]
[BlackElo "2239"]
[PlyCount "95"]
[EventDate "2018.01.26"]
[EventType "swiss"]
[EventRounds "9"]
[EventCountry "RUS"]
[SourceTitle "CBM 182 Extra"]
[Source "ChessBase"]
[SourceDate "2018.02.23"]
[SourceVersion "1"]
[SourceVersionDate "2018.02.23"]
[SourceQuality "1"]

1. e4 c5 2. c3 b6 3. d4 Bb7 4. Bd3 Nf6 5. Qe2 cxd4 6. cxd4 Nc6 7. Nf3 Nb4 8. Nc3 Nxd3+ 9. Qxd3 e6 10. Bg5 h6 11. Bxf6 Qxf6 12. 0-0 Bb4 13. Ne5 Bxc3 14. bxc3 Rd8 15. a4 0-0 16. a5 d6 17. Ng4 Qf4 18. f3 f5 19. exf5 Qxf5 20. Qxf5 exf5 21. Nf2 Rc8 22. axb6 axb6 23. Rfb1 Rxc3 24. Rxb6 Rfc8 25. h3 Bc6 26. Nd1 Rd3 27. Rc1 Rxd4 28. Ne3 Re8 29. Nxf5 Rd5 30. Nxh6+ gxh6 31. Rcxc6 Rd8 32. Rc7 Rg5 33. Kf2 h5 34. Rbc6 d5 35. Rc8 Rxc8 36. Rxc8+ Kf7 37. f4 Rf5 38. Kf3 Ke6 39. g4 hxg4+ 40. hxg4 Rf7 41. Rc6+ Kd7 42. Ra6 Rf8 43. f5 Rb8 44. g5 Rb3+ 45. Kf4 d4 46. g6 Rb1 47. g7 Rg1 48. Rg6 1-0

[Event "Moscow op-F 14th"]
[Site "Moscow"]
[Date "2018.01.26"]
[Round "1"]
[White "Aleksandrovskiy, Dmitriy"]
[Black "Zavaleta Hernandez, Jorge"]
[Result "1-0"]
[WhiteElo "2239"]
[BlackElo "1863"]
[PlyCount "73"]
[EventDate "2018.01.26"]
[EventType "swiss"]
[EventRounds "9"]
[EventCountry "RUS"]
[SourceTitle "CBM 182 Extra"]
[Source "ChessBase"]
[SourceDate "2018.02.23"]
[SourceVersion "1"]
[SourceVersionDate "2018.02.23"]
[SourceQuality "1"]

1. Nf3 Nf6 2. c4 c5 3. g3 Nc6 4. Bg2 e6 5. 0-0 Be7 6. b3 d5 7. cxd5 exd5 8. d4 0-0 9. Bb2 Bf5 10. Nc3 Re8 11. Rc1 Rc8 12. Nh4 Be4 13. Nxe4 Nxe4 14. Nf5 Nxd4 15. Nxe7+ Qxe7 16. e3 Nxf2 17. Rxf2 Qxe3 18. Kf1 Rc6 19. Bxd4 cxd4 20. Rxc6 bxc6 21. Re2 Qxe2+ 22. Qxe2 Rxe2 23. Kxe2 Kf8 24. Kd3 Ke7 25. Kxd4 Kd6 26. b4 f6 27. a4 f5 28. h4 g6 29. b5 cxb5 30. axb5 h6 31. Bxd5 g5 32. h5 f4 33. gxf4 gxf4 34. Bf3 Ke7 35. Ke4 Ke6 36. Kxf4 Kf6 37. Bd5 1-0

[Event "St Petersburg Summer op"]
[Site "St Petersburg"]
[Date "2017.08.24"]
[Round "9"]
[White "Aleksandrovskiy, Dmitriy"]
[Black "Shoboev, Dandar"]
[Result "1/2-1/2"]
[WhiteElo "2247"]
[BlackElo "2108"]
[PlyCount "111"]
[EventDate "2017.08.16"]
[EventType "swiss"]
[EventRounds "9"]
[EventCountry "RUS"]
[SourceTitle "CBM 180 Extra"]
[Source "ChessBase"]
[SourceDate "2017.10.06"]
[SourceVersion "1"]
[SourceVersionDate "2017.10.06"]
[SourceQuality "1"]

1. g3 d5 2. Bg2 e5 3. d3 Nf6 4. Nf3 Nc6 5. 0-0 Be7 6. c3 0-0 7. Qc2 h6 8. e4 Re8 9. Nbd2 Be6 10. exd5 Bxd5 11. Re1 Bf8 12. b4 a6 13. Bb2 Qd6 14. a4 b5 15. Rad1 Rad8 16. axb5 axb5 17. c4 Nxb4 18. Qb3 Bb7 19. Bxe5 Qxd3 20. Bxf6 Qxb3 21. Nxb3 Rxe1+ 22. Rxe1 gxf6 23. Na5 Ba6 24. cxb5 Bxb5 25. Bf1 c6 26. Kg2 Ra8 27. Nb3 Bxf1+ 28. Rxf1 Ra2 29. Nfd2 Nd3 30. Kf3 Ne5+ 31. Kf4 Kg7 32. Ne4 Kg6 33. Ra1 Rb2 34. Nd4 h5 35. Nf5 Nd3+ 36. Ke3 Kxf5 37. Kxd3 Rb3+ 38. Kc2 Ra3 39. Rxa3 Bxa3 40. Kd3 Be7 41. h3 Ke5 42. Nd2 Kd5 43. Ne4 f5 44. Nc3+ Kc5 45. Ne2 Bf6 46. Nf4 h4 47. gxh4 Bxh4 48. f3 Kb4 49. Ng2 Bf6 50. Ne3 f4 51. Nc4 c5 52. Nb6 Kb3 53. Nc4 Bh4 54. Nd2+ Kb4 55. Nc4 Be1 56. Nd6 1/2-1/2

[Event "St Petersburg Summer op"]
[Site "St Petersburg"]
[Date "2017.08.23"]
[Round "8"]
[White "Dionisi, Thomas"]
[Black "Aleksandrovskiy, Dmitriy"]
[Result "1-0"]
[WhiteElo "2400"]
[BlackElo "2247"]
[PlyCount "113"]
[EventDate "2017.08.16"]
[EventType "swiss"]
[EventRounds "9"]
[EventCountry "RUS"]
[SourceTitle "CBM 180 Extra"]
[Source "ChessBase"]
[SourceDate "2017.10.06"]
[SourceVersion "1"]
[SourceVersionDate "2017.10.06"]
[SourceQuality "1"]

1. e4 c5 2. Nf3 Nc6 3. Bb5 g6 4. Bxc6 dxc6 5. d3 Bg7 6. h3 Nf6 7. Nc3 Nd7 8. Be3 e5 9. Qd2 Qe7 10. 0-0 Nf8 11. Nh2 Ne6 12. Ne2 0-0 13. Bh6 Bxh6 14. Qxh6 Qg5 15. Qxg5 Nxg5 16. f4 exf4 17. Rxf4 f5 18. Raf1 c4 19. exf5 cxd3 20. fxg6 dxe2 21. Rxf8+ Kg7 22. R8f7+ Nxf7 23. Rxf7+ Kxg6 24. Re7 Kf6 25. Rxe2 Be6 26. a3 Rg8 27. Kf2 h5 28. Nf3 Bd5 29. Rd2 Re8 30. Rd4 b5 31. Ne1 Rg8 32. a4 a6 33. a5 Rg5 34. g3 c5 35. Rf4+ Ke7 36. h4 Rg6 37. Rf5 Kd6 38. Rxh5 Rf6+ 39. Ke3 c4 40. Rg5 Re6+ 41. Kd2 b4 42. h5 c3+ 43. bxc3 bxc3+ 44. Kd1 Re3 45. h6 Bc4 46. Nd3 Rf3 47. Rg6+ Ke7 48. h7 Rf1+ 49. Ke2 Rh1 50. Rc6 Bb5 51. Rc7+ Kd6 52. Rg7 Ba4 53. Nf2 Rh2 54. Kd3 Bd7 55. g4 Be6 56. Kxc3 Ke5 57. g5 1-0

[Event "Pardubice Czech op-B 28th"]
[Site "Pardubice"]
[Date "2017.07.24"]
[Round "4"]
[White "Daeschler, Florian"]
[Black "Aleksandrovskiy, Dmitriy"]
[Result "1/2-1/2"]
[WhiteElo "2093"]
[BlackElo "2260"]
[PlyCount "103"]
[EventDate "2017.07.21"]
[EventType "swiss"]
[EventRounds "9"]
[EventCountry "CZE"]
[SourceTitle "CBM 179 Extra"]
[Source "ChessBase"]
[SourceDate "2017.08.23"]
[SourceVersion "1"]
[SourceVersionDate "2017.08.23"]
[SourceQuality "1"]

1. e4 c5 2. Nf3 Nc6 3. Bb5 g6 4. Bxc6 dxc6 5. d3 Bg7 6. h3 Nf6 7. Nc3 Nd7 8. Be3 e5 9. Qd2 Qe7 10. 0-0 Nf8 11. Ne2 Ne6 12. Bh6 f6 13. Bxg7 Qxg7 14. b4 cxb4 15. Qxb4 Qe7 16. a3 Kf7 17. Nd2 Rd8 18. Qc3 Qd6 19. Kh1 g5 20. Rad1 Qc5 21. Qb2 b6 22. Nb3 Qe7 23. d4 Ba6 24. c3 Nf4 25. Nbc1 exd4 26. Nxf4 gxf4 27. Rfe1 d3 28. e5 f3 29. g4 f5 30. e6+ Ke8 31. c4 d2 32. Rxd2 Rxd2 33. Qxd2 Bxc4 34. Qc3 Bd5 35. Qh8+ Qf8 36. Qxh7 Qe7 37. Qg8+ Qf8 38. Qg6+ Ke7 39. Qh7+ Kd6 40. gxf5 Qh8 41. Qd7+ Kc5 42. Nd3+ Kb5 43. Kh2 Rg8 44. a4+ Kc4 45. Ne5+ Kb3 46. Ng6 Qb2 47. Kg3 Qf6 48. Re3+ Ka2 49. Kg4 Rxg6+ 50. fxg6 Qxg6+ 51. Kf4 Qf6+ 52. Kg4 1/2-1/2

[Event "Moscow-chT"]
[Site "Moscow"]
[Date "2016.10.18"]
[Round "1.1"]
[White "Aleksandrovskiy, Dmitriy"]
[Black "Popov, Ivan1111"]
[Result "0-1"]
[WhiteElo "2318"]
[BlackElo "2596"]
[PlyCount "67"]
[EventDate "2016.10.18"]
[EventType "team-swiss"]
[EventRounds "9"]
[EventCountry "RUS"]
[SourceTitle "CBM 175 Extra"]
[Source "ChessBase"]
[SourceDate "2016.12.12"]
[SourceVersion "1"]
[SourceVersionDate "2016.12.12"]
[SourceQuality "1"]
[WhiteTeam "Boavista"]
[BlackTeam "RGGU"]
[WhiteTeamCountry "RUS"]
[BlackTeamCountry "RUS"]

1. e4 c5 2. Nf3 e6 3. b3 b6 4. d4 cxd4 5. Nxd4 Bb7 6. Bd3 Bc5 7. Bb2 Qf6 8. c3 Nc6 9. Nf3 Ne5 10. 0-0 Nxf3+ 11. Qxf3 Qxf3 12. gxf3 Ne7 13. Rd1 Ng6 14. Ba3 Ke7 15. Bxc5+ bxc5 16. Nd2 Nf4 17. Bf1 d5 18. exd5 Bxd5 19. Ba6 Rad8 20. Ne4 g5 21. Kf1 g4 22. Bc4 Bc6 23. Be2 f5 24. Nxc5 Nxe2 25. Rxd8 Rxd8 26. Kxe2 Bxf3+ 27. Ke1 e5 28. b4 f4 29. Nb3 h5 30. Nd2 Bg2 31. Rd1 h4 32. Nc4 Rxd1+ 33. Kxd1 h3 34. Ke1 0-1

[Event "Moscow Kolomenskaya op"]
[Site "Moscow"]
[Date "2015.10.19"]
[Round "6"]
[White "Gurvich, Vitaly"]
[Black "Aleksandrovskiy, Dmitriy"]
[Result "1-0"]
[WhiteElo "2315"]
[BlackElo "2182"]
[PlyCount "89"]
[EventDate "2015.10.16"]
[EventType "swiss"]
[EventRounds "9"]
[EventCountry "RUS"]
[SourceTitle "CBM 169 Extra"]
[Source "ChessBase"]
[SourceDate "2015.12.18"]
[SourceVersion "1"]
[SourceVersionDate "2015.12.18"]
[SourceQuality "1"]

1. Nf3 g6 2. c4 Bg7 3. Nc3 e5 4. g3 Ne7 5. Bg2 0-0 6. 0-0 c6 7. d4 d6 8. e3 Qc7 9. b3 Rd8 10. Bb2 Na6 11. Qe2 exd4 12. Nxd4 Nf5 13. Nf3 Nc5 14. Rfd1 a5 15. Rab1 Qe7 16. Qc2 Nh6 17. Nd4 Bg4 18. Re1 Re8 19. h3 Bf5 20. Nxf5 Nxf5 21. Rbd1 h5 22. Ne2 Bxb2 23. Qxb2 h4 24. Nd4 Qf6 25. g4 Ng7 26. Qd2 Red8 27. Qe2 Nge6 28. Nxe6 Nxe6 29. Qd3 Qb2 30. Re2 Qa3 31. f4 Qc5 32. Kh1 Ng7 33. Rf1 f5 34. e4 Re8 35. gxf5 gxf5 36. Bf3 fxe4 37. Bxe4 Nh5 38. Rg2+ Kf8 39. Bd5 Ng3+ 40. Rxg3 hxg3 41. Qf5+ Ke7 42. Re1+ Kd8 43. Rxe8+ Kxe8 44. Qf7+ Kd8 45. Be6 1-0

[Event "Senica 6th"]
[Site "Senica"]
[Date "2015.08.27"]
[Round "2"]
[White "Sriram, Jha"]
[Black "Aleksandrovskiy, Dmitriy"]
[Result "1-0"]
[WhiteElo "2400"]
[BlackElo "2207"]
[PlyCount "167"]
[EventDate "2015.08.26"]
[EventType "tourn"]
[EventRounds "9"]
[EventCountry "SVK"]
[EventCategory "2"]
[SourceTitle "EXT 2016"]
[Source "ChessBase"]
[SourceDate "2015.10.08"]
[SourceVersion "1"]
[SourceVersionDate "2015.10.08"]
[SourceQuality "1"]

1. d4 Nf6 2. c4 g6 3. g3 Bg7 4. Bg2 d5 5. cxd5 Nxd5 6. e4 Nb6 7. Ne2 e5 8. d5 0-0 9. 0-0 c6 10. Nbc3 f5 11. Qb3 Kh8 12. Rd1 Qe8 13. Be3 fxe4 14. Bxe4 Nxd5 15. Nxd5 cxd5 16. Bxd5 Nc6 17. Bc5 Rf5 18. Rac1 Bf8 19. Qe3 Bd7 20. Bxf8 Rxf8 21. Rd2 Qe7 22. Rcd1 Rae8 23. a3 Rf6 24. Re1 b6 25. Rc1 Ref8 26. Rdc2 Nd8 27. Nc3 Rd6 28. Re1 Re8 29. Rce2 Qg7 30. Qg5 h6 31. Qh4 Kh7 32. f4 e4 33. Rxe4 Rxe4 34. Rxe4 Be6 35. Bxe6 Nxe6 36. Qg4 Nc5 37. Re2 Qd4+ 38. Kg2 Rd7 39. Qf3 Qg7 40. f5 Rf7 41. fxg6+ Qxg6 42. Qe3 Qc6+ 43. Kg1 Qf6 44. Re1 a5 45. b4 axb4 46. axb4 Nd7 47. Nd5 Qb2 48. Qe4+ Kg7 49. Nf4 Nf8 50. Re2 Qa1+ 51. Kg2 Kg8 52. Rf2 Qd1 53. Qc4 Kg7 54. Qc6 Qd4 55. b5 Kh7 56. Qc2+ Kg8 57. Qb3 Qe4+ 58. Kg1 Qe1+ 59. Rf1 Qe4 60. Qc3 Ng6 61. Re1 Qf5 62. Nxg6 Qxg6 63. Re8+ Rf8 64. Qc4+ Kg7 65. Re7+ Kh8 66. Qd4+ Qf6 67. Qxf6+ Rxf6 68. Rb7 Kg8 69. Kg2 Kf8 70. g4 h5 71. gxh5 Kg8 72. Kg3 Kh8 73. Kg4 Kg8 74. Rc7 Rd6 75. Rc6 Rd4+ 76. Kg5 Kg7 77. h6+ Kh7 78. Rxb6 Rd5+ 79. Kg4 Rd4+ 80. Kf5 Rh4 81. Ke5 Rh5+ 82. Kd4 Rxh2 83. Rc6 Rb2 84. Kc5 1-0

[Event "Senica 6th"]
[Site "Senica"]
[Date "2015.08.26"]
[Round "1"]
[White "Karas, Marek"]
[Black "Aleksandrovskiy, Dmitriy"]
[Result "1/2-1/2"]
[WhiteElo "2202"]
[BlackElo "2207"]
[PlyCount "110"]
[EventDate "2015.08.26"]
[EventType "tourn"]
[EventRounds "9"]
[EventCountry "SVK"]
[EventCategory "2"]
[SourceTitle "EXT 2016"]
[Source "ChessBase"]
[SourceDate "2015.10.08"]
[SourceVersion "1"]
[SourceVersionDate "2015.10.08"]
[SourceQuality "1"]

1. Nf3 c5 2. c4 Nc6 3. Nc3 Nf6 4. e3 e6 5. d4 cxd4 6. exd4 d5 7. cxd5 Nxd5 8. Bc4 Bb4 9. Bd2 Nb6 10. Bb5 0-0 11. Bxc6 bxc6 12. Ne4 Bxd2+ 13. Qxd2 Qd5 14. Nc3 Qh5 15. 0-0 c5 16. dxc5 Qxc5 17. Rac1 Bb7 18. Qf4 Qc4 19. Qxc4 Nxc4 20. b3 Na3 21. Nd4 Rfd8 22. Rfd1 Rac8 23. Ndb5 Nxb5 24. Nxb5 Rxc1 25. Rxc1 a6 26. Nc3 Kf8 27. Kf1 Rd2 28. a3 Rb2 29. Rb1 Rc2 30. Na4 Be4 31. f3 Bd3+ 32. Kg1 Ra2 33. Rd1 Bb5 34. Nc5 Rxa3 35. Rd8+ Ke7 36. Ra8 Ra1+ 37. Kf2 Ra2+ 38. Kg1 f5 39. Ra7+ Kf6 40. Rb7 Ra1+ 41. Kf2 f4 42. g3 Ra2+ 43. Kg1 fxg3 44. hxg3 Bc6 45. Rb6 Bxf3 46. Nxe6 Ke5 47. Nxg7 Rg2+ 48. Kf1 Rxg3 49. Kf2 Rxg7 50. Kxf3 Ra7 51. Ke3 Kd5 52. Kd3 Kc5 53. Rh6 Kb4 54. Kc2 Ka3 55. Rc6 Kb4 1/2-1/2

[Event "RUS-chT U18"]
[Site "St Petersburg"]
[Date "2015.08.05"]
[Round "5.11"]
[White "Pershin, Denis"]
[Black "Aleksandrovskiy, Dmitriy"]
[Result "1-0"]
[WhiteElo "2278"]
[BlackElo "2207"]
[PlyCount "93"]
[EventDate "2015.08.01"]
[EventType "team-swiss"]
[EventRounds "9"]
[EventCountry "RUS"]
[SourceTitle "CBM 167 Extra"]
[Source "ChessBase"]
[SourceDate "2015.09.14"]
[SourceVersion "1"]
[SourceVersionDate "2015.09.14"]
[SourceQuality "1"]
[WhiteTeam "SDYuSShOR SS"]
[BlackTeam "Karpov Chess School"]
[WhiteTeamCountry "RUS"]
[BlackTeamCountry "RUS"]

1. e4 c5 2. Nf3 Nc6 3. d4 cxd4 4. Nxd4 a6 5. Nc3 e6 6. Be2 Qc7 7. 0-0 Nf6 8. Be3 Bb4 9. Nxc6 bxc6 10. Qd4 Rb8 11. e5 Bxc3 12. bxc3 Nd5 13. Qg4 Rg8 14. Qh5 h6 15. c4 Nxe3 16. fxe3 g6 17. Qf3 Rf8 18. Qf4 Qa5 19. Bd3 Qc5 20. Rf3 g5 21. Qf6 d6 22. exd6 Qxd6 23. Raf1 g4 24. Rf4 Qe7 25. Qe5 Rb7 26. Rxg4 f6 27. Bg6+ Kd8 28. Rd4+ Bd7 29. Qa5+ Kc8 30. Qxa6 Kb8 31. Be4 Qc5 32. Qa4 f5 33. Bf3 e5 34. Rdd1 e4 35. Bh5 f4 36. Kh1 Rf6 37. Be2 Qxe3 38. Qa5 Rf7 39. Bh5 Rf5 40. Qd8+ Bc8 41. Bg4 f3 42. Bxf5 fxg2+ 43. Kxg2 Rg7+ 44. Kh1 Rg1+ 45. Rxg1 Qf3+ 46. Rg2 Qxd1+ 47. Qxd1 1-0

[Event "Palanga op"]
[Site "Palanga"]
[Date "2015.06.20"]
[Round "9"]
[White "Aleksandrovskiy, Dmitriy"]
[Black "Sibajeva, Marija"]
[Result "1-0"]
[WhiteElo "2227"]
[BlackElo "1917"]
[PlyCount "95"]
[EventDate "2015.06.15"]
[EventType "swiss"]
[EventRounds "9"]
[EventCountry "LTU"]
[SourceTitle "CBM 167 Extra"]
[Source "ChessBase"]
[SourceDate "2015.09.14"]
[SourceVersion "1"]
[SourceVersionDate "2015.09.14"]
[SourceQuality "1"]

1. e4 d5 2. exd5 Qxd5 3. Nc3 Qa5 4. Nf3 Nf6 5. d3 Bg4 6. Be2 c6 7. h3 Bh5 8. Bd2 Qc7 9. 0-0 Nbd7 10. a3 e6 11. Nh4 Bxe2 12. Qxe2 h6 13. g3 g5 14. Ng2 0-0-0 15. b4 Bd6 16. Rab1 Rdg8 17. d4 h5 18. b5 c5 19. b6 Nxb6 20. Nb5 Qb8 21. Qf3 Be7 22. dxc5 g4 23. hxg4 hxg4 24. Qe2 Nbd5 25. c4 Bxc5 26. Nf4 Rh7 27. Kg2 Nc7 28. Bc3 Nxb5 29. Rxb5 Nd7 30. Qe4 Rh6 31. Rfb1 b6 32. Rxc5+ Nxc5 33. Qc6+ Qc7 34. Qa8+ Qb8 35. Qc6+ Kd8 36. Rd1+ Ke7 37. Nd5+ Kf8 38. Nf6 Rgg6 39. Qxc5+ bxc5 40. Nd7+ Ke7 41. Nxb8 e5 42. Bxe5 Re6 43. Bf4 Rh8 44. Rd7+ Kf6 45. Rxa7 Re1 46. Bd2 Rd1 47. Bc3+ Rd4 48. Nc6 1-0

[Event "Palanga op"]
[Site "Palanga"]
[Date "2015.06.19"]
[Round "8"]
[White "Semjonovs, Ilja"]
[Black "Aleksandrovskiy, Dmitriy"]
[Result "1/2-1/2"]
[WhiteElo "1870"]
[BlackElo "2227"]
[PlyCount "54"]
[EventDate "2015.06.15"]
[EventType "swiss"]
[EventRounds "9"]
[EventCountry "LTU"]
[SourceTitle "CBM 167 Extra"]
[Source "ChessBase"]
[SourceDate "2015.09.14"]
[SourceVersion "1"]
[SourceVersionDate "2015.09.14"]
[SourceQuality "1"]

1. e4 c5 2. Nf3 Nc6 3. Bb5 e6 4. b3 Qc7 5. Bb2 a6 6. Bxc6 Qxc6 7. Qe2 d6 8. 0-0 Nf6 9. Re1 Be7 10. c4 e5 11. Nc3 0-0 12. Nd5 Nxd5 13. exd5 Qc7 14. d4 cxd4 15. Nxd4 f5 16. f4 Bf6 17. Nf3 e4 18. Nd4 Bd7 19. Rac1 Rac8 20. Qe3 b5 21. Ba3 bxc4 22. bxc4 Be7 23. Nb3 Qb7 24. Na5 Qc7 25. Nb3 Qb7 26. Na5 Qc7 27. Nb3 Qb7 1/2-1/2

[Event "Palanga op"]
[Site "Palanga"]
[Date "2015.06.16"]
[Round "3"]
[White "Aleksandrovskiy, Dmitriy"]
[Black "Pocius, Vaclovas"]
[Result "1-0"]
[WhiteElo "2227"]
[BlackElo "1685"]
[PlyCount "63"]
[EventDate "2015.06.15"]
[EventType "swiss"]
[EventRounds "9"]
[EventCountry "LTU"]
[SourceTitle "CBM 167 Extra"]
[Source "ChessBase"]
[SourceDate "2015.09.14"]
[SourceVersion "1"]
[SourceVersionDate "2015.09.14"]
[SourceQuality "1"]

1. e4 d5 2. exd5 Nf6 3. d4 Nxd5 4. c4 Nb4 5. Qa4+ N8c6 6. a3 Na6 7. d5 Nc5 8. Qd1 Ne5 9. b4 Ncd7 10. Bb2 Ng6 11. h4 h5 12. Be2 Nf6 13. Nc3 e6 14. g3 Bd6 15. Nf3 0-0 16. Ng5 exd5 17. Nxd5 Ng4 18. c5 Be5 19. Bxe5 N6xe5 20. Qc2 g6 21. Rd1 Bd7 22. f3 c6 23. fxg4 cxd5 24. gxh5 Bf5 25. Qc3 Re8 26. 0-0 Qc7 27. hxg6 fxg6 28. Rxd5 Nd3 29. Rxd3 Rxe2 30. Rd6 Rc2 31. Qb3+ Kh8 32. Rxf5 1-0

[Event "RUS-chT U20"]
[Site "Kolomna"]
[Date "2014.08.08"]
[Round "7"]
[White "Maksimov, Dmitri"]
[Black "Aleksandrovskiy, Dmitriy"]
[Result "1-0"]
[WhiteElo "2116"]
[BlackElo "2111"]
[PlyCount "44"]
[EventDate "2014.08.02"]
[EventType "swiss"]
[EventRounds "9"]
[EventCountry "RUS"]
[SourceTitle "EXT 2016"]
[Source "ChessBase"]
[SourceDate "2015.10.08"]
[SourceVersion "1"]
[SourceVersionDate "2015.10.08"]
[SourceQuality "1"]

1. e4 c5 2. Nf3 Nc6 3. c3 g6 4. d4 d5 5. exd5 Qxd5 6. dxc5 Qxd1+ 7. Kxd1 Bg4 8. Be2 0-0-0+ 9. Nbd2 e6 10. Ng5 Bxe2+ 11. Kxe2 Rd7 12. Nc4 Bxc5 13. b4 h6 14. Nxf7 Rxf7 15. bxc5 Rf8 16. Rb1 Nd8 17. c6 bxc6 18. Ne5 Ne7 19. Ba3 Rf5 20. Bd6 Nb7 21. g4 Nxd6 22. gxf5 exf5 1-0

[Event "Palanga Baltija op-A"]
[Site "Palanga"]
[Date "2014.06.20"]
[Round "8"]
[White "Aleksandrovskiy, Dmitriy"]
[Black "Mihailovs, Arturs"]
[Result "1-0"]
[WhiteElo "2085"]
[BlackElo "1849"]
[PlyCount "37"]
[EventDate "2014.06.16"]
[EventType "swiss"]
[EventRounds "9"]
[EventCountry "LTU"]
[SourceTitle "CBM 161 Extra"]
[Source "ChessBase"]
[SourceDate "2014.08.29"]
[SourceVersion "1"]
[SourceVersionDate "2014.08.29"]
[SourceQuality "1"]

1. e4 e5 2. Nf3 Nc6 3. Bb5 a6 4. Bxc6 dxc6 5. 0-0 Qd6 6. c3 Bg4 7. d4 exd4 8. cxd4 Bxf3 9. Qxf3 Qxd4 10. Rd1 Qf6 11. Qb3 b6 12. Be3 Bd6 13. f4 Bxf4 14. Bxf4 Qxf4 15. Rf1 Qe5 16. Qxf7+ Kd8 17. Qf8+ Kd7 18. Rd1+ Ke6 19. Qxa8 1-0